Najdu odvahu : 770 km po trase hrdinů SNP /
Uloženo v:
| Hlavní autor: | |
|---|---|
| Další autoři: | |
| Médium: | Kniha |
| Jazyk: | Czech |
| Vydáno: |
Praha :
XYZ,
2020
|
| Vydání: | Vydání první |
| Témata: | |
| Celkem bylo vypůjčeno: | 9x |
| Tagy: |
Žádné tagy |
| LEADER | 02318nam a2200565 i 4500 | ||
|---|---|---|---|
| 001 | 94262 | ||
| 003 | CZ PrNK | ||
| 005 | 20210506122713.0 | ||
| 007 | ta | ||
| 008 | 201014s2020 xr abc e 000 0acze | ||
| 020 | |a 9788075977823 |q (brožováno) : |c Kč 349,00 | ||
| 040 | |a OLA001 |b cze |e rda | ||
| 041 | 1 | |a cze |h slo | |
| 072 | 7 | |a 796 |x Sport. Hry. Tělesná cvičení |2 Konspekt |9 20 | |
| 072 | 7 | |a 929 |x Biografie |2 Konspekt |9 8 | |
| 080 | |a 796.422.071.2-055.2 |2 MRF | ||
| 080 | |a 796.5:625.711.8 |2 MRF | ||
| 080 | |a 796.422.16 |2 MRF | ||
| 080 | |a 908(437.6) |2 MRF | ||
| 080 | |a 929 |2 MRF | ||
| 080 | |a (437.6) |2 MRF | ||
| 080 | |a (0:82-94) |2 MRF | ||
| 100 | 1 | |a Vacvalová, Lenka, |d 1989- |7 ola20201090162 |4 aut |9 112230 | |
| 245 | 1 | 0 | |a Najdu odvahu : |b 770 km po trase hrdinů SNP / |c Lenka Vacvalová ; překlad Jana Pátková |
| 250 | |a Vydání první | ||
| 264 | 1 | |a Praha : |b XYZ, |c 2020 | |
| 300 | |a 173 stran : |b barevné ilustrace, mapy, portréty ; |c 23 cm | ||
| 336 | |a text |b txt |2 rdacontent | ||
| 337 | |a bez média |b n |2 rdamedia | ||
| 338 | |a svazek |b nc |2 rdacarrier | ||
| 500 | |a Přeloženo ze slovenštiny | ||
| 600 | 1 | 7 | |a Vacvalová, Lenka, |d 1989- |7 ola20201090162 |2 czenas |9 112230 |
| 648 | 7 | |a 20.-21. století |7 ch462155 |2 czenas |9 53009 | |
| 650 | 0 | 7 | |a běžkyně |7 ph280144 |z Slovensko |y 20.-21. století |2 czenas |
| 650 | 0 | 7 | |a turistické trasy |7 ph606745 |z Slovensko |2 czenas |
| 650 | 0 | 7 | |a běh na dlouhé trati |7 ph138817 |z Slovensko |2 czenas |
| 650 | 0 | 9 | |a women runners |z Slovakia |y 20th-21st centuries |2 eczenas |
| 650 | 0 | 9 | |a tourist trails |z Slovakia |2 eczenas |
| 650 | 0 | 9 | |a long distance running |z Slovakia |2 eczenas |
| 651 | 7 | |a Cesta hrdinov SNP (Slovensko : turistická trasa) |7 ge1033795 |2 czenas | |
| 651 | 7 | |a Slovensko |7 ge128580 |x vlastivěda |2 czenas | |
| 651 | 9 | |a Cesta hrdinov SNP Trail (Slovakia) |2 eczenas | |
| 651 | 9 | |a Slovakia |x description and travel |2 eczenas | |
| 655 | 7 | |a autobiografické vzpomínky |7 fd131854 |2 czenas |9 53458 | |
| 655 | 9 | |a autobiographical reminiscences |2 eczenas | |
| 700 | 1 | |a Pátková, Jana, |d 1973- |7 js20080718004 |4 trl |9 112231 | |
| 910 | |a UOG502 | ||
| 942 | |2 ddc |c KN | ||
| 999 | |d 94262 | ||
| 993 | |0 0 |1 421180094678 |2 ddc |4 0 |6 796_799000000000000 |7 0 |9 82317 |b 0 |c 94678 |d 2020-10-29 |e 9 |f DOSP |g 796/799 |h 349.00 |i Koupě |l DOSP |m 1 |r 2026-04-10 |s 2026-03-24 |t 5 |w 2020-10-29 |y KN |z NAUCNA | ||